000 00344 a2200133 4500
003 OSt
005 20240131120859.0
008 240131b |||||||| |||| 00| 0 eng d
040 _coclc
082 _a297.122
245 _aTAFSIR AL QURAN AL ADHEEM / IBN KATHIR VOL-2
300 _a783p.
942 _2ddc
_cBK
_h297.122
_k297.122
999 _c43360
_d43360